LIBRARY ONLINE CATALOGUE

The Theban plays (Record no. 16461)

MARC details
000 -LEADER
fixed length control field 00550nam a22001937a 4500
003 - CONTROL NUMBER IDENTIFIER
control field OSt
005 - DATE AND TIME OF LATEST TRANSACTION
control field 20170901123353.0
008 - FIXED-LENGTH DATA ELEMENTS--GENERAL INFORMATION
fixed length control field 170830b xxu||||| |||| 00| 0 eng d
040 ## - CATALOGING SOURCE
Transcribing agency KABU
050 ## - LIBRARY OF CONGRESS CALL NUMBER
Classification number PA 4414
Item number .A2567
100 ## - MAIN ENTRY--PERSONAL NAME
Personal name Sophocles
245 ## - TITLE STATEMENT
Title The Theban plays
Statement of responsibility, etc. translated by E. F. Watling
260 ## - PUBLICATION, DISTRIBUTION, ETC. (IMPRINT)
Place of publication, distribution, etc. Harmondsworth
Name of publisher, distributor, etc. Penguin Classics
Date of publication, distribution, etc. [1967]
300 ## - PHYSICAL DESCRIPTION
Extent 168 p.
650 ## - SUBJECT ADDED ENTRY--TOPICAL TERM
Topical term or geographic name as entry element Sophocies
Form subdivision Translations into English
650 ## - SUBJECT ADDED ENTRY--TOPICAL TERM
Topical term or geographic name as entry element Oedipus
General subdivision mythological figure
650 ## - SUBJECT ADDED ENTRY--TOPICAL TERM
Topical term or geographic name as entry element Antigone
General subdivision mythological character
942 ## - ADDED ENTRY ELEMENTS (KOHA)
Source of classification or shelving scheme Library of Congress Classification
Koha item type General Collection
Holdings
Withdrawn status Lost status Source of classification or shelving scheme Not for loan Home library Current library Date acquired Total Checkouts Full call number Barcode Date last seen Date last checked out Copy number Price effective from Koha item type
    Library of Congress Classification   Kabarak, Main Campus Kabarak, Main Campus 30/08/2017 6 PA 4414 .A2567 C.1 030564 03/06/2025 22/05/2025 c.1 30/08/2017 General Collection